000 02108 a2200241 4500
001 28089
005 20260407155553.0
008 260407a2001 arg spa d
003 AR-UNSa-BCEJYS
040 _aAR-UNSa-BCEJYS
_bspa
_cAR-UNSa-BCEJYS
080 _a349.2
_xDerecho del Trabajo
245 1 0 _aDerecho del trabajo y de la seguridad social
_pdoctrina, legislación, jurisprudencia
020 _a950-14-1830-8
250 _a5a. ed
264 1 _aBuenos Aires :
_bEdiciones Depalma
_c2001
300 _axl, 1172 p.
_c23 cm.
505 _a1. Trabajo humano. Derecho del trabajo - 2. Historia del derecho del trabajo - 3. Actualidad del derecho del trabajo - 4. Fuentes de derecho del trabajo - 5. Principios del derecho del trabajo - 6. Contrato de trabajo - 7. Modalidades del contrato de trabajo - 8. Derechos y deberes de las partes - 9. La renumeración - 10 . Régimen de Jornada - 11. Descansos, feriados, vacaciones y licencias - 12. Enfermedades y accidentes inculpables - 13. Trabajo de mujeres y menores - 14. Suspensión del contrato de trabajo - 15. Fraude, solidaridad y transferencia del contrato - 16. Extinción del contrato de trabajo. El despido, Indemnización - 17. Otras formas de extinción del contrato de trabajo - 18. Régimen de las pequeñas y medianas empresas (Pymes) - 19. Estatutos especiales - 20. Derecho colectivo del trabajo - 21. Negociación colectiva. Convenios colectivos - 22. Conflictos colectivos de trabajo. Medidas de acción directa - 23. Derecho Administrativo y procesal del trabajo - 24. Derecho Internacional del trabajo - 25. Accidentes y enfermedades del trabajo. Ley de riesgos del trabajo - 26. El Derecho de la seguridad social - 27. El sistema integrado de jubilaciones y pensiones - 28. Seguro de desempleo - 29. Asignaciones familiares - 30. Obras sociales. Seguro de salud
041 _aspa
942 _cBK
590 _aniveau_biblio:m niveau_hierar:0
100 1 _aGrisolia, Julio Armando
856 4 1 _uhttps://biblioeco.unsa.edu.ar/pmb/images/libros/Derecho del Trabajo y de la Seguridad Social-l119961.jpg
_yImagen de portada
_qimage/jpeg
999 _c1647
_d1647